| 000 | 00355nam a2200133Ia 4500 | ||
|---|---|---|---|
| 008 | 240624s9999 xx 000 0 und d | ||
| 041 | _aeng | ||
| 082 | _a153 GAV | ||
| 100 | _aGAVETTI GIOVANNI | ||
| 245 | _aCOGNITION AND STRATEGY ADVANCES IN STRAT | ||
| 260 |
_c2015 _aBingley _bEmerald Group Publishing Limited |
||
| 300 | _a480 : p. | ||
| 365 |
_cBPS _b30 |
||
| 999 |
_c26599 _d26599 |
||